000 01430nam a2200229Ia 4500
999 _c53043
_d53043
001 20080
003 GE_BSU
005 20250424141306.0
008 181216s1991||||ge |||||||||||||| ||geo||
040 _cGE_BSU
041 _ageo
080 _a611(075.8) კ-34
100 _aკაციტაძე, ზურაბ
_924940
245 _aადამიანის ანატომია : საჭმლის მომნელებელი სისტემა, სასუნთქი სისტემა, გამოყოფის სისტემა, სასქესო სისტემა, ენდოკრინული სისტემა, იმუნური უზრუნველყოფის სისტემა /
_cზურაბ კაციტაძე.
264 _aთბილისი :
_bიბერია,
_c1991.
300 _a208 გვ. :
_bილ. ;
_c19 სმ.
541 _h5 ლ.
653 _aადამიანის ანატომია
653 _aსასქესო სისტემა, ენდოკრინული სისტემა, იმუნური უზრუნველყოფის სისტემა
653 _aსაჭმლის მომნელებელი სისტემა, სასუნთქი სისტემა, გამოყოფის სისტემა
942 _cBK
_2udc